000 00250nam a22001097a 4500
008 170124b xxu||||| |||| 00| 0 eng d
020 _a0136274072
041 _aeng
080 _22ND
_a618.2
245 _aNURSING THEORIES
_cGEORGE, J.B
942 _2udc
_cBK
999 _c3547
_d3547